WWE Summerslam Locations - Statistics

General Stats
  • This quiz has been taken 24 times
  • The average score is 29 of 39
Answer Stats
Hint Answer % Correct
1988 New York City
100%
1991 New York City
100%
1998 New York City
100%
2006 Boston
95%
2009 Los Angeles
95%
2010 Los Angeles
95%
2011 Los Angeles
95%
2012 Los Angeles
95%
2013 Los Angeles
95%
2014 Los Angeles
95%
2020 Orlando
95%
2023 Detroit
91%
1996 Cleveland
86%
2024 Cleveland
86%
1994 Chicago
77%
1990 Philadelphia
77%
1989 East Rutherford
73%
1997 East Rutherford
73%
2007 East Rutherford
73%
2025 (upcoming) East Rutherford
73%
2022 Nashville
73%
2004 Toronto
73%
2019 Toronto
73%
2015 Brooklyn
68%
2016 Brooklyn
68%
2017 Brooklyn
68%
2018 Brooklyn
68%
2008 Indianapolis
68%
1992 London
68%
1999 Minneapolis
68%
2026 (upcoming) Minneapolis
68%
2003 Phoenix
64%
1995 Pittsburgh
64%
2001 San Jose
64%
2005 Washington, DC
64%
2000 Raleigh
55%
1993 Auburn Hills
32%
2021 Paradise
27%
2002 Uniondale
23%
No matching quizzes found
Score Distribution
Percent of People with Each Score
Percentile by Number Answered
Your Score History
You have not taken this quiz